ARRUPE JESUIT UNIVERSITY

CORONAVIRUS -STOP THE SPREAD - CLEAN,DISINFECT,COVER

Thus spoke Zarathustra (Record no. 94250)

MARC details
000 -LEADER
fixed length control field 00456nam a2200205Ia 4500
003 - CONTROL NUMBER IDENTIFIER
control field 0100
005 - DATE AND TIME OF LATEST TRANSACTION
control field 20180919100227.0
008 - FIXED-LENGTH DATA ELEMENTS--GENERAL INFORMATION
fixed length control field 130307s9999 xx 000 0 und d
040 ## - CATALOGING SOURCE
Transcribing agency ARRUPELIB
050 ## - LIBRARY OF CONGRESS CALL NUMBER
Classification number B3313.A43E5
300 ## - PHYSICAL DESCRIPTION
Other physical details 17cm
100 ## - MAIN ENTRY--PERSONAL NAME
Personal name Nietzsche
9 (RLIN) 42288
245 ## - TITLE STATEMENT
Title Thus spoke Zarathustra
Remainder of title a book for all and none
Statement of responsibility, etc Nietzsche
260 ## - PUBLICATION, DISTRIBUTION, ETC. (IMPRINT)
Place of publication, distribution, etc New York
Name of publisher, distributor, etc Penguin books
Date of publication, distribution, etc 1966
300 ## - PHYSICAL DESCRIPTION
Extent 327p.
650 ## - SUBJECT ADDED ENTRY--TOPICAL TERM
Topical term or geographic name as entry element PHILOSOPHY
9 (RLIN) 42289
942 00 - ADDED ENTRY ELEMENTS (KOHA)
Koha issues (borrowed), all copies 43
Source of classification or shelving scheme Library of Congress Classification
Koha item type Monograph ( Printed materials)
Holdings
Withdrawn status Lost status Source of classification or shelving scheme Damaged status Not for loan Collection code Home library Current library Shelving location Date acquired Total Checkouts Full call number Barcode Date last seen Date checked out Copy number Price effective from Koha item type
    Library of Congress Classification     Main Collection ARRUPE LIBRARY ARRUPE LIBRARY   07/03/2013 15 B3313.A43E5 46003012583 23/12/2025 05/06/2024 1 07/03/2013 Monograph ( Printed materials)
    Library of Congress Classification     Main Collection ARRUPE LIBRARY ARRUPE LIBRARY   07/03/2013 16 B3313.A43E5 46003012566 06/05/2019 05/03/2019 2 07/03/2013 Monograph ( Printed materials)
    Library of Congress Classification     Main Collection ARRUPE LIBRARY ARRUPE LIBRARY   07/03/2013 8 B3313.A43E5 46003094720 02/05/2018 23/03/2018 3 07/03/2013 Monograph ( Printed materials)
    Library of Congress Classification     Main Collection ARRUPE LIBRARY ARRUPE LIBRARY   07/03/2013 3 B3313.A43E5 46003012582 14/11/2014 10/11/2014 4 07/03/2013 Monograph ( Printed materials)
    Library of Congress Classification     Main Collection ARRUPE LIBRARY ARRUPE LIBRARY   07/03/2013 2 B3313.A43E5 46003012572 23/09/2014 09/09/2014 5 07/03/2013 Monograph ( Printed materials)
    Library of Congress Classification     Main Collection ARRUPE LIBRARY ARRUPE LIBRARY   07/03/2013 2 B3313.A43E5 46003012575 06/05/2019 05/03/2019 6 07/03/2013 Monograph ( Printed materials)
    Library of Congress Classification     Main Collection ARRUPE LIBRARY ARRUPE LIBRARY   07/03/2013 10 B3313.A43E5 46003089871 02/11/2018 01/08/2018 7 07/03/2013 Monograph ( Printed materials)
    Library of Congress Classification     Main Collection ARRUPE LIBRARY ARRUPE LIBRARY Main Collection 19/09/2018 2 B3313.A43 E5 46600002058 08/05/2025 18/12/2024   19/09/2018 Monograph ( Printed materials)

 

Arrupe Library. PO Box MP320 Mt Pleasant, Harare, Zimbabwe
263 242 745411|librarian@aju.ac.zw